Quizzes
Events
Quiz Creation
Community
Videos
Private Events
Remove Ads
Sign In
Join for FREE
Feedback
Dark Mode
Quiz Categories
Sports
Geography
Music
Movies
Television
Just For Fun
Miscellaneous
History
Literature
Language
Science
Gaming
Entertainment
Religion
Holiday
For Kids
Quiz Lab
Recent
Popular Today
Quiz Kudos Today
Editor Picks
Curator Picks
Quizzes by...
Day
Popularity
Type
Ratings
Length
Year
Community
Subscriptions
Recent Discussions
Orange Saloon
Badges
Playlists
Quests
Create
Leaderboards
Showdown
Live 5
Trivia Bingo
Activity
Puzzle Library
Sporcle Events
Private Events
Virtual Trivia
Globe League
Become a Host
Pub Owners
SporcleCon
Opinionation
Our Games
Videos
Blog
Mobile Apps
Partnerships
Remove Ads and Go Orange
Feedback
Music
Pop Music
The Beatles
Song
Album
Lyrics
Bands
Singers
Artist
Clip
Rock
Rap
Classical
Billboard
Country Music
Kpop
Taylor Swift
Music
Pop Music
The Beatles
Song
Album
Lyrics
Bands
Singers
Artist
Clip
Rock
Rap
Classical
Billboard
Country Music
Kpop
Taylor Swift
Random Quiz
Search Sporcle
×
Quiz Lab
Quiz Lab
Music
Artist
Type in answers that appear in a list
Type in answers that appear in a list
Classic
Best Score? Go Orange.
Multiple No 1's of the 90's Stats
Can you name the artists or groups who had multiple UK No1 Singles in the 90's?
By
bigwmike
8m
32 Questions
333 Plays
333 Plays
333 Plays
Comments
Comments
Give Quiz Kudos
Give Quiz Kudos
-
- Ratings
hide this ad
Replay
Link that replays current quiz
Next Quiz
Link to next quiz in quiz playlist
You Got
0%
They Got
Avg Score
44%
Avg Friend Score
Upgrade to see
Score Distribution
Jump to the score distribution portion of the page
Score
0/32
Timer
08:00
0
Plays Today
Number of Number 1's
Artist/ Group
% Correct
8
Spice Girls
87.1%
8*
Take That
84.4%
6
Boyzone
76.6%
2
Madonna
76.3%
4
Oasis
75.4%
4
Westlife
72.7%
2
Blur
70.6%
4
Michael Jackson
65.5%
3*
Elton John
57.1%
2
Robbie Williams
55.3%
3*
Queen
51.1%
2
U2
51.1%
4*
George Michael
48.6%
3
All Saints
44.7%
2
Celine Dion
43.8%
4
B*witched
40.8%
Number of Number 1's
Artist/ Group
% Correct
2
Wet Wet Wet
40.8%
3*
Cher
39.9%
2
Cliff Richard
38.4%
3
Aqua
34.5%
2
Gary Barlow
34.2%
3
Robson & Jerome
30.3%
2
Snap
27.6%
2
Geri Halliwell
26.4%
2
Prodigy
25.8%
2
Billie
24.3%
2
Fugees
24%
2
Outhere Brothers
21.9%
2
Peter Andre
21.9%
2
Vengaboys
20.4%
2
Chemical Brothers
18%
2
Baddiel Skinner and the Lightning Seeds
6.9%
Quiz Playlist
Details
Report
Send in Message
Add To Playlist
Classic:
Type in answers that appear in a list
Quiz Source
Last Updated: Feb 16, 2017
Quiz Scoreboard
CHALLENGE
Sign Up to Join the Scoreboard
Show All
Scores
Hide
Comments
May contain spoilers
Recently Published
Presidents Visiting Landmarks
by Hejman
History
7m
An Introduction to Baseball
by treessimontrees
Sports
5m
Movies - When Are They Set?
by FPL_Elf
Movies
5m
More to Explore
Quiz From the Vault
Featured Blog Post
Where Did the Easter Bunny Come From?
hide this ad
You Might Also Like...
Tags
Artist Quiz
1990s
group
multiple
No 1
Single
UK Charts
Today's Top Quizzes in Music
Browse Music
hide this ad
Today's Top Quizzes in Artist
Browse Artist
Top Contributed Quizzes in Music
1
Taylor Swift All Songs (2024)
2
Guess the Artist- 70s Songs
3
7-to-1: Billboard Hot 100 #1 Hits of 2010s
4
Sorting Albums and Songs
5
Taylor Swift Logic Puzzle
6
One Thing in Common: Music
7
2010s Album by Cover III
8
KPOP LOGIC QUIZ
9
Guess the Taylor Swift song (Mystery Song)
10
Guess the Artist- 80s Songs
Explore More
Trending Topics
NBA
Marvel
Disney
Kpop
Harry Potter
Crossword
Anime
Soccer
Country
Song
Puzzle
WWE
NFL
The Office
Pokémon
hide this ad
More By:
bigwmike
Quiz
Plays
Rating
Category
Featured
Created
Most UK Number 1's
505
3.25
Music
Jun 8, 2011
Brit Awards
338
Music
Jun 3, 2012
Multiple No 1's of the 90's
333
1.00
Music
Jun 7, 2011
UK Top 40 Hits of Bananarama
318
5.00
Music
Oct 4, 2011
which nations have competed in the most summer olympics
316
2.89
Geography
Feb 24, 2012
Go to Creator's Profile
Score Distribution
Quiz Creator Spotlight
bigwmike
Follow
Send a Message
Quizzes Created
-
Created Quiz Play Count
-
More By This Creator
Popular Quizzes Today
1
Find the US States - No Outlines Minefield
2
Find the Countries of Europe - No Outlines Minefield
3
The Countries of the World
4
Find the US States
5
Popular People in 1961
6
US States
7
Risky Map Clicking: Biggest States A-Z
8
Movies - When Are They Set?
More Music Quizzes
Either/Or in 30: Albums
Published
Trending Quizzes
Risky Map Clicking: Least Populous States A-Z
1-10 Letter G Words
1-10 Letter F Words
Risky Map Clicking: Next State Alphabetically
Risky Map Clicking: Biggest States A-Z
Recently Updated
Leaping Animals
pecheneg
Reality TV Shows (A-Z)
bhenderson79
Rickey Henderson's Hall of Fame Teammates
pecheneg
Champions League XIs: Arsenal
pecheneg
Quick Pick: Celebrities in WWE's Hall of Fame
aduchscher
A-Z Keypad Blitz II
pecheneg
Multiple Oscar Actors
pecheneg
Mystery Phrase Blitz: Oscar 'Best Actors'
pecheneg
F. Scott Fitzgerald Novels
LTH
Pick 3 Villains
ddd62291
Trending Topics
NBA
Kpop
Marvel
Harry Potter
Disney
Crossword
Anime
Pokémon
Puzzle
Soccer
Country
Song
NFL
The Office
WWE
Your Account Isn't Verified!
In order to create a playlist on Sporcle, you need to verify the email address you used during registration. Go to your
Sporcle Settings
to finish the process.
Report this User
Report this user for behavior that violates our
Community Guidelines
.
Details:
Send Report
Go to the Sporcle.com Mobile Site →
Comments